Library Banner

Life skills : (Record no. 13048)

MARC details
000 -LEADER
fixed length control field 00526nam a2200193Ia 4500
001 - CONTROL NUMBER
control field 12249
005 - DATE AND TIME OF LATEST TRANSACTION
control field 20260318113704.0
008 - FIXED-LENGTH DATA ELEMENTS--GENERAL INFORMATION
fixed length control field 140401s9999 xx 000 0 und d
020 ## - INTERNATIONAL STANDARD BOOK NUMBER
International Standard Book Number 0-13-602616-8
040 ## - CATALOGING SOURCE
Transcribing agency PK-LaUMT
082 ## - DEWEY DECIMAL CLASSIFICATION NUMBER
Classification number 153.15
Item number LEI-L
100 ## - MAIN ENTRY--PERSONAL NAME
Personal name Leider, Richard J.
245 ## - TITLE STATEMENT
Title Life skills :
Remainder of title taking charge of your personal and professional /
Statement of responsibility, etc by Richard J. Leider
260 ## - PUBLICATION, DISTRIBUTION, ETC. (IMPRINT)
Place of publication, distribution, etc New Jersey,USA:
Name of publisher, distributor, etc Prentice-Hall,
Date of publication, distribution, etc 1994
300 ## - PHYSICAL DESCRIPTION
Extent 196 p.
546 ## - LANGUAGE NOTE
Language note EN
650 ## - SUBJECT ADDED ENTRY--TOPICAL TERM
Topical term or geographic name as entry element Learning
942 ## - ADDED ENTRY ELEMENTS (KOHA)
Koha item type Books
Holdings
Withdrawn status Lost status Damaged status Home library Current library Date acquired Full call number Barcode Date last seen Price effective from Koha item type
      UMT Main Campus UMT Main Campus 2014-04-01 153.15 LEI-L 9601 2026-03-18 2014-04-21 Books
      UMT Main Campus UMT Main Campus 2014-06-05 153.15 LEI-L 12545 2014-06-05 2014-06-05 Books